| 000 | 00997cam a22003375a 4500 | ||
|---|---|---|---|
| 001 | 16903648 | ||
| 003 | OSt | ||
| 005 | 20140310184436.0 | ||
| 008 | 110804s1993 nyu 000 0 eng d | ||
| 010 | _a 2011459413 | ||
| 020 | _a0590471422 (pbk.) | ||
| 020 | _a9780590471428 (pbk.) | ||
| 035 | _a(OCoLC)ocm29419410 | ||
| 040 |
_aDMM _cDMM _dSPP _dOCLCQ _dBTCTA _dBAKER _dZXN _dDLC |
||
| 042 | _alccopycat | ||
| 043 | _an-us--- | ||
| 050 | 0 | 0 |
_aPZ 7 _b.M847 1993 |
| 100 | 1 |
_aMorgan, Bill. _927213 |
|
| 245 | 1 | 0 |
_aIncredible captures / _cBill Morgan. |
| 260 |
_aNew York : _bScholastic Inc., _c1993. |
||
| 300 |
_a84 p. : _c18 cm. |
||
| 521 | _aG6 | ||
| 526 | _c860 | ||
| 650 | 0 |
_aArrest (Police methods) _927214 |
|
| 650 | 0 |
_aCriminals _zUnited States. _927215 |
|
| 710 | 2 |
_aCopyright Paperback Collection (Library of Congress) _5DLC _9705 |
|
| 906 |
_a0 _bibc _ccopycat _d2 _encip _f20 _gy-genrareb |
||
| 942 |
_2lcc _cBK-SCHOLAS |
||
| 999 |
_c34390 _d34390 |
||